| 000 -ლიდერი |
| ფიქსირებული სიგრძის საკონტროლო ველი |
01572nam a22002777a 4500 |
| 003 - საკონტროლო ნომრის იდენტიფიკატორი |
| საკონტროლო ველი |
Ge_BSU |
| 005 - ბოლო ოპერაციის თარიღი და დრო |
| საკონტროლო ველი |
20250611152248.0 |
| 008 - ფიქსირებული სიგრძის მონაცემთა ელემენტები - ზოგადი ინფორმაცია |
| ფიქსირებული სიგრძის საკონტროლო ველი |
250611s2025 ge ||||| |||| 00| 0 geo d |
| 020 ## - წიგნის საერთაშორისო სტანდარტული ნომერი |
| International Standard Book Number |
9789941362514 |
| 041 ## - ენის კოდი |
| Language code of text/sound track or separate title |
geo |
| 080 ## - უნივერსალური ათობითი კლასიფიკაციის ინდექსი |
| Universal Decimal Classification number |
330.8 ჰ-40 |
| 100 ## - მთავარი ჩანაწერი - პიროვნების სახელი |
| Personal name |
ჰეინე, პოლ |
| 9 (RLIN) |
25374 |
| 245 ## - ცნობა სათაურის შესახებ |
| Title |
ეკონომიკური აზროვნების წესი / |
| Statement of responsibility, etc |
პოლ ჰეინე, პ. ჯ. ბოეტკე, ლ. პ. დეივიდ; მთავ.რედ. ა. სილაგაძე; რედ.: ვ. პაპავა, მ. ჯიბუტი, გ. ღაღანიძე და სხვ.; მთარგმნ. გ. ბენაშვილი, თ. გვენეტაძე და სხვ. |
| 250 ## - გამოცემის ცნობა |
| Edition statement |
მე-13 გამოცემა |
| 264 ## - წარმოების, გამოცემის, დისტრიბუციის და სხვა ცნობები |
| გამოცემის, წარმოების, დისტრიბუციის... ადგილი |
თბილისი : |
| გამოცემის, წარმოების, დისტრიბუციის... სახელწოდება |
თსუ, |
| გამოცემის, წარმოების, დისტრიბუციის... თარიღი |
2025. |
| 300 ## - ფიზიკური აღწერა |
| Extent |
429 გვ.; |
| Other physical details |
27 სმ. |
| 700 ## - ADDED ENTRY--PERSONAL NAME |
| Personal name |
ბოეტკე, პ. ჯ. |
| Relator term |
ავტორი |
| 9 (RLIN) |
25375 |
| 700 ## - ADDED ENTRY--PERSONAL NAME |
| Personal name |
პრიჩიტკო, დ. ლ. |
| Relator term |
ავტორი |
| 9 (RLIN) |
25376 |
| 700 ## - ADDED ENTRY--PERSONAL NAME |
| Personal name |
სილაგაძე, ა. |
| Relator term |
მთ. რედ. |
| 9 (RLIN) |
2410 |
| 700 ## - ADDED ENTRY--PERSONAL NAME |
| Personal name |
პაპავა ვლ. |
| Relator term |
რედაქტორი |
| 9 (RLIN) |
4553 |
| 700 ## - ADDED ENTRY--PERSONAL NAME |
| Personal name |
ჯიბუტი, მ. |
| Relator term |
რედაქტორი |
| 9 (RLIN) |
20466 |
| 700 ## - ADDED ENTRY--PERSONAL NAME |
| Personal name |
ღაღანიძე, გ. |
| Relator term |
რედაქტორი |
| 9 (RLIN) |
5356 |
| 700 ## - ADDED ENTRY--PERSONAL NAME |
| Personal name |
ბენაშვილი, გ. |
| Relator term |
მთარგმნელი |
| 9 (RLIN) |
10211 |
| 700 ## - ADDED ENTRY--PERSONAL NAME |
| Personal name |
გვენეტაძე, თ. |
| Relator term |
მთარგმნელი |
| 9 (RLIN) |
25377 |
| 942 ## - ADDED ENTRY ELEMENTS (KOHA) |
| Source of classification or shelving scheme |
|
| Koha item type |
წიგნი |